| 000 | 01870nkm0a22003851 4500 | ||
|---|---|---|---|
| 001 | RU\NLR\INFOCOMM_10\5000065964 | ||
| 005 | 20250806205358.0 | ||
| 035 | _a(NLR Aleph) 010755499 | ||
| 090 |
_a78583 _c78583 |
||
| 100 | _a20150324d1943 u y0rusy50 ca | ||
| 101 | 0 | _arus | |
| 102 | _aRU | ||
| 116 | _aiybxx xx zz | ||
| 135 | _acrcn 024apaba | ||
| 200 | 1 |
_a[Бланк для письма с фронта] _bИзоматериалы |
|
| 210 |
_a[Москва] _cВоениздат НКО _d[1943] |
||
| 215 | _a1 л., сложенный вдвое | ||
| 300 | _aНа 1-й странице заставка: красные знамена и лента с надписью "Да здравствует Красная Армия 1918-1943" | ||
| 300 | _aНа обороте: стихотворение поэта Николая Тихонова "Красная Армия" | ||
| 325 | _aКопия доступна в Электрон. б-ке РНБ | ||
| 606 | 1 | 0 |
_aБлокада Ленинграда _z1941 - 1944 _2nlr_sh _3RU\NLR\AUTH\661253360 |
| 801 | 1 |
_aRU _binfocomm _c20150324 |
|
| 801 | 0 |
_aRU _bNLR _gPSBO |
|
| 852 |
_aNLR _bЛ3-340 _j3/19 _pЛМ.19 |
||
| 852 |
_aNLR _bЛ3-340 _j3/19 _pЛМ.2359 |
||
| 856 | 0 | _uhttp://vivaldi.nlr.ru/al000000019/view | |
| 856 | 1 | _uhttp://vivaldi.nlr.ru/al000000019/cover | |
| 856 | 2 | _uhttp://vivaldi.nlr.ru/al000000019/text | |
| 942 | _cVISUAL | ||
| 945 | _aРоссийская национальная библиотека | ||
| 980 | _aBV | ||
| 981 | 3 | 7 |
_a(37) Ленинград в Великой Отечественной войне _b(37) Открытки блокадного Ленинграда |
| 981 | 3 | 4 | _a(34) Санкт-Петербург |